000 00214 a2200109 4500
020 _a1562701665
041 _aspa
100 _aGreen, Susan
245 _aMe gusta pintar y dibujar
942 _cBK
999 _c29578
_d29576
999 _d29576